De dónde venimos los cholos / (Record no. 22418)

000 -CABECERA
campo de control de longitud fija 00706nam a22002297a 4500
003 - IDENTIFICADOR DEL NÚMERO DE CONTROL
campo de control OSt
005 - FECHA Y HORA DE LA ÚLTIMA TRANSACCIÓN
campo de control 20220609102340.0
008 - DATOS DE LONGITUD FIJA--INFORMACIÓN GENERAL
campo de control de longitud fija 220608b ||||| |||| 00| 0 spa d
020 ## - NÚMERO INTERNACIONAL ESTÁNDAR DEL LIBRO
Número Internacional Estándar del Libro 9786124181399
040 ## - FUENTE DE LA CATALOGACIÓN
Centro/agencia transcriptor Biblioteca Municipal de Cusco
082 ## - NÚMERO DE LA CLASIFICACIÓN DECIMAL DEWEY
Número de clasificación 869.57/A92D3
Notación interna A92D3
100 ## - ENTRADA PRINCIPAL--NOMBRE DE PERSONA
Nombre de persona Avilés, Marco
Fechas asociadas al nombre 1978-
9 (RLIN) 48105
245 ## - MENCIÓN DE TÍTULO
Título De dónde venimos los cholos /
Mención de responsabilidad, etc. Marco Avilés
250 ## - MENCIÓN DE EDICIÓN
Mención de edición 1a ed., 2a reimpr.
264 #1 - PRODUCCIÓN, PUBLICACIÓN, DISTRIBUCIÓN, FABRICACIÓN Y COPYRIGHT
Producción, publicación, distribución, fabricación y copyright Lima :
Nombre del de productor, editor, distribuidor, fabricante Booket,
Fecha de producción, publicación, distribución, fabricación o copyright 2019.
300 ## - DESCRIPCIÓN FÍSICA
Extensión 281 páginas. :
Dimensiones 20 cm.
490 ## - MENCIÓN DE SERIE
Mención de serie Ensayo / Booket
650 ## - PUNTO DE ACCESO ADICIONAL DE MATERIA--TÉRMINO DE MATERIA
Término de materia o nombre geográfico como elemento de entrada Ensayos peruanos
Subdivisión cronológica Siglo XXI
9 (RLIN) 48106
650 ## - PUNTO DE ACCESO ADICIONAL DE MATERIA--TÉRMINO DE MATERIA
Término de materia o nombre geográfico como elemento de entrada Migración interna
Subdivisión general Ensayos, conferencias, etc.
9 (RLIN) 48107
830 ## - PUNTO DE ACCESO ADICIONAL DE SERIE-TÍTULO UNIFORME
Título uniforme Booket. Ensayo
9 (RLIN) 48108
942 ## - ELEMENTOS DE PUNTO DE ACCESO ADICIONAL (KOHA)
Fuente del sistema de clasificación o colocación
Tipo de ítem Koha Libros-BMC
Holdings
Estado de retiro Estado de pérdida Fuente del sistema de clasificación o colocación Estado dañado No para préstamo Localización permanente Ubicación/localización actual Ubicación en estantería Fecha de adquisición Fuente de adquisición Coste, precio normal de compra Signatura topográfica completa Código de barras Fecha visto por última vez Precio válido a partir de Tipo de ítem Koha
          Sala Humanidades Sala Humanidades Book Cart 2022-06-09 Donación 20.00 869.57/A92D3 SH0000016283 2022-06-09 2022-06-09 Libros-BMC
          Sala Humanidades Sala Humanidades Book Cart 2022-06-09 Donación 20.00 869.57/A92D3/e.2 SH0000016284 2022-06-09 2022-06-09 Libros-BMC

Powered by Koha